Classement de la Bundesliga - Statistiques

Statistiques générales
  • Ce quiz a été pris 74 fois
  • Le résultat moyen est 7 sur 18
Statistiques - réponses
Hint Réponse % Correct
1 Bayern
100%
2 Dortmund
96%
5 Union Berlin
72%
3 Leverkusen
64%
12 wolfsbourg
61%
4 RB Leipzig
57%
10 Borussia Mönchengladbach
54%
15 Stuttgart
49%
6 Fribourg
48%
7 Cologne
40%
14 Augsbourg
28%
9 Hoffenheim
28%
8 Mainz 05
12%
17 Arminia Bielefeld
10%
13 VfL Bochum
9%
18 Greuther Fürth
7%
16 Hertha BSC
4%
11 Eintracht Fracfort
1%
Aucun quiz correspondant
Distribution des résultats
% des personnes avec chaque résultat
Percentile par nombre de réponses
Votre historique - résultats
Vous n’avez pas pris ce quiz